000 01289cam a2200265 4500
001 WB3723-29
008 000000n2001 000 0 eng u
035 _a(Sirsi) u113039
100 _aNevin, B.
245 4 _aThe right moves on demand
260 _c2001
490 _aHousing Today
_v(234) 17 May 2001, 12-13(2)
520 _aAnalyses the findings of a new report, "Changing housing markets: urban regeneration and decentralisation", which has highlighted the diversity of the West Midlands housing market. Whilst north Staffordshire exhibits similar characteristics to north-west England's declining housing market the area to the south of Birmingham shares the price structures and affordability issues associated with south-east England. Concludes that, whilst there is no single solution to the region's problems, the interdependencies between the different markets mean that an urban renaissance is required if further migration to suburbs and rural areas is to be avoided.
590 _aWB
650 _aBIRMINGHAM
650 _aHOUSING MARKET
650 _aHOUSING STRATEGIES
650 _aSANDWELL
650 _aSTOKE ON TRENT
650 _aURBAN REGENERATION
650 _aURBAN RENEWAL
650 _aWEST MIDLANDS
690 _aREGENERATION
942 _n0
999 _c67285
_d67285